[Event "Select Six"]
[Site "Edmonton CAN"]
[Date "2000.06.03"]
[Round "3"]
[White "Yoos, John"]
[Black "Huber, Gregory"]
[Result "1/2-1/2"]
[WhiteElo "2446"]
[BlackElo "2324"]
[PlyCount "70"]
[GameId "2160767911711767"]
[EventDate "2000.06.02"]
[EventType "tourn"]
[EventRounds "5"]
[EventCountry "CAN"]
[SourceTitle "EXT 2017"]
[Source "ChessBase"]
[SourceDate "2016.10.25"]
[SourceVersion "1"]
[SourceVersionDate "2016.10.25"]
[SourceQuality "1"]

1. e4 c5 2. Nf3 e6 3. d4 cxd4 4. Nxd4 a6 5. Bd3 g6 6. c4 Bg7 7. Nf3 Ne7 8. O-O O-O 9. Nc3 Nbc6 10. Bf4 d5 11. cxd5 exd5 12. e5 Bg4 13. Re1 d4 14. Nb1 Nd5 15. Bg3 Re8 16. Nbd2 Nxe5 17. Bxe5 Rxe5 18. Rxe5 Bxe5 19. Qb3 Bg7 20. Qxb7 Rb8 21. Qa7 Rxb2 22. Nc4 Qb8 23. Qxa6 Nb4 24. Qa3 Nxd3 25. Qxd3 Rb4 26. Nfd2 Bf5 27. Qf1 d3 28. Rb1 Bc3 29. Rb3 Rxb3 30. axb3 Qb4 31. Qd1 Be6 32. Kf1 h5 33. h3 Bd5 34. Ne3 Be6 35. Ndc4 Qb8 1/2-1/2

[Event "Select Six"]
[Site "Edmonton CAN"]
[Date "2000.06.04"]
[Round "4"]
[White "Gardner, Robert"]
[Black "Huber, Gregory"]
[Result "1/2-1/2"]
[WhiteElo "2305"]
[BlackElo "2324"]
[PlyCount "66"]
[GameId "2160767911711768"]
[EventDate "2000.06.02"]
[EventType "tourn"]
[EventRounds "5"]
[EventCountry "CAN"]
[SourceTitle "EXT 2017"]
[Source "ChessBase"]
[SourceDate "2016.10.25"]
[SourceVersion "1"]
[SourceVersionDate "2016.10.25"]
[SourceQuality "1"]

1. e4 c5 2. Nf3 Nf6 3. e5 Nd5 4. Nc3 e6 5. Nxd5 exd5 6. d4 Nc6 7. c3 d6 8. Bb5 Be7 9. exd6 Qxd6 10. dxc5 Qxc5 11. Be2 O-O 12. Be3 Qd6 13. O-O Be6 14. Qc2 h6 15. Rad1 Qc7 16. Nd4 Nxd4 17. Bxd4 b6 18. Bf3 Rad8 19. Rfe1 Rfe8 20. Re2 Qc8 21. Rde1 Bc5 22. Qd2 Rf8 23. Qf4 Bxd4 24. Qxd4 Qc4 25. b3 Qxd4 26. cxd4 Rc8 27. Rd2 Rc3 28. h3 Rfc8 29. Be2 Rc2 30. Red1 Bf5 31. f3 Kf8 32. Kf2 Ke7 33. Ba6 R8c3 1/2-1/2

[Event "Select Six"]
[Site "Edmonton CAN"]
[Date "2000.06.04"]
[Round "4"]
[White "Ottosen, David"]
[Black "Yoos, John"]
[Result "0-1"]
[WhiteElo "2132"]
[BlackElo "2446"]
[PlyCount "80"]
[GameId "2160767911711769"]
[EventDate "2000.06.02"]
[EventType "tourn"]
[EventRounds "5"]
[EventCountry "CAN"]
[SourceTitle "EXT 2017"]
[Source "ChessBase"]
[SourceDate "2016.10.25"]
[SourceVersion "1"]
[SourceVersionDate "2016.10.25"]
[SourceQuality "1"]

1. e4 c5 2. Nf3 Nc6 3. d4 cxd4 4. Nxd4 Nf6 5. Nc3 e5 6. Ndb5 d6 7. Bg5 a6 8. Na3 Be6 9. Nc4 Rc8 10. Ne3 Be7 11. Bxf6 Bxf6 12. Ncd5 O-O 13. c3 Kh8 14. Qf3 Bg5 15. g4 Bxe3 16. Nxe3 Qb6 17. Qe2 Ne7 18. Bg2 Ng6 19. O-O Nf4 20. Qd2 Qd8 21. Rfd1 Qg5 22. f3 Rfd8 23. Qf2 d5 24. h4 Qe7 25. exd5 Bxd5 26. Nxd5 Nxd5 27. Rd2 Nf4 28. Rad1 h6 29. Qe3 Rxd2 30. Rxd2 Qxh4 31. Qxe5 Qg3 32. Qe3 Rc6 33. Kf1 Re6 34. Qf2 Qh2 35. Rd8+ Kh7 36. Qc2+ g6 37. Rd2 Nxg2 38. Rxg2 Qh1+ 39. Rg1 Qxf3+ 40. Qf2 Qd3+ 0-1

[Event "Select Six"]
[Site "Edmonton CAN"]
[Date "2000.06.04"]
[Round "4"]
[White "Schulte, Oliver"]
[Black "Odachowski, Arthur"]
[Result "1-0"]
[WhiteElo "2453"]
[BlackElo "2327"]
[PlyCount "111"]
[GameId "2160767911711770"]
[EventDate "2000.06.02"]
[EventType "tourn"]
[EventRounds "5"]
[EventCountry "CAN"]
[SourceTitle "EXT 2017"]
[Source "ChessBase"]
[SourceDate "2016.10.25"]
[SourceVersion "1"]
[SourceVersionDate "2016.10.25"]
[SourceQuality "1"]

1. e4 c5 2. Nf3 d6 3. d4 cxd4 4. Nxd4 Nf6 5. Nc3 Nc6 6. Bc4 Qb6 7. Nxc6 bxc6 8. O-O g6 9. Bb3 Bg7 10. Bg5 O-O 11. Qd2 a5 12. Rfe1 Qc7 13. Rad1 Bb7 14. Bh6 Rad8 15. Bxg7 Kxg7 16. Qg5 e5 17. Rd3 Qe7 18. Rh3 Ng8 19. Qxe7 Nxe7 20. Rd3 Ba6 21. Rd2 Kf6 22. Nd1 Nc8 23. Ne3 Nb6 24. a3 Ke7 25. g4 f6 26. Red1 Rh8 27. f3 Rd7 28. Kf2 Rhd8 29. h4 Bb7 30. c4 c5 31. Kg3 Rc7 32. h5 Bc8 33. hxg6 hxg6 34. Rh1 Be6 35. Rh7+ Bf7 36. f4 exf4+ 37. Kxf4 Rf8 38. g5 fxg5+ 39. Kxg5 Rb7 40. Rf2 Ke8 41. Rf6 Re7 42. Rxd6 Rxe4 43. Ng4 Re6 44. Nf6+ Ke7 45. Rxb6 Rxb6 46. Nd5+ Ke6 47. Nxb6 Rb8 48. Na4 Be8 49. Nxc5+ Kd6 50. Nb7+ Ke5 51. Nxa5 Ra8 52. Rh8 Kd6 53. Nb7+ Kc7 54. Nc5 Kd6 55. Ne4+ Ke5 56. Nf6 1-0

[Event "Select Six"]
[Site "Edmonton CAN"]
[Date "2000.06.04"]
[Round "5"]
[White "Huber, Gregory"]
[Black "Ottosen, David"]
[Result "1-0"]
[WhiteElo "2324"]
[BlackElo "2132"]
[PlyCount "73"]
[GameId "2160767911711771"]
[EventDate "2000.06.02"]
[EventType "tourn"]
[EventRounds "5"]
[EventCountry "CAN"]
[SourceTitle "EXT 2017"]
[Source "ChessBase"]
[SourceDate "2016.10.25"]
[SourceVersion "1"]
[SourceVersionDate "2016.10.25"]
[SourceQuality "1"]

1. e4 e6 2. d4 d5 3. e5 c5 4. c3 Nc6 5. Nf3 cxd4 6. cxd4 Qb6 7. a3 a5 8. Nc3 Nge7 9. Be3 Nf5 10. Qd2 Be7 11. Bd3 Qd8 12. Rc1 f6 13. exf6 Bxf6 14. Bxf5 exf5 15. O-O O-O 16. Bf4 g5 17. Bxg5 Nxd4 18. Qxd4 Bxd4 19. Bxd8 Bxc3 20. Rxc3 Rxd8 21. Rd1 Bd7 22. Rc5 Bc6 23. Nd4 Re8 24. Kf1 Re4 25. Nxf5 Ra6 26. f3 Re5 27. Nd4 Rb6 28. Rd2 a4 29. Kf2 Kf7 30. h3 Ke7 31. Nxc6+ bxc6 32. Ra5 Kd6 33. Rxa4 c5 34. Rh4 Rb7 35. b4 Ra7 36. Rh6+ Re6 37. bxc5+ 1-0

[Event "Select Six"]
[Site "Edmonton CAN"]
[Date "2000.06.04"]
[Round "5"]
[White "Odachowski, Arthur"]
[Black "Gardner, Robert"]
[Result "1-0"]
[WhiteElo "2327"]
[BlackElo "2305"]
[PlyCount "61"]
[GameId "2160767911711772"]
[EventDate "2000.06.02"]
[EventType "tourn"]
[EventRounds "5"]
[EventCountry "CAN"]
[SourceTitle "EXT 2017"]
[Source "ChessBase"]
[SourceDate "2016.10.25"]
[SourceVersion "1"]
[SourceVersionDate "2016.10.25"]
[SourceQuality "1"]

1. d4 Nf6 2. c4 c5 3. d5 b5 4. cxb5 a6 5. b6 e6 6. Nc3 Nxd5 7. Nxd5 exd5 8. Qxd5 Nc6 9. Nf3 Rb8 10. Bd2 Rxb6 11. Bc3 Nb4 12. Qd1 d5 13. a3 Nc6 14. e3 d4 15. exd4 cxd4 16. Nxd4 Nxd4 17. Qxd4 Re6+ 18. Be2 Qe7 19. Qc4 Bb7 20. Rd1 Bc6 21. Qxa6 Qc7 22. Ba5 Qb7 23. Qxb7 Bxb7 24. Kf1 Bxg2+ 25. Kxg2 Rxe2 26. Rd8+ Ke7 27. Rhd1 Kf6 28. R1d2 Rxd2 29. Bxd2 Ke7 30. Ra8 f6 31. Bb4+ 1-0

[Event "Select Six"]
[Site "Edmonton CAN"]
[Date "2000.06.04"]
[Round "5"]
[White "Yoos, John"]
[Black "Schulte, Oliver"]
[Result "1-0"]
[WhiteElo "2446"]
[BlackElo "2453"]
[PlyCount "63"]
[GameId "2160767911711773"]
[EventDate "2000.06.02"]
[EventType "tourn"]
[EventRounds "5"]
[EventCountry "CAN"]
[SourceTitle "EXT 2017"]
[Source "ChessBase"]
[SourceDate "2016.10.25"]
[SourceVersion "1"]
[SourceVersionDate "2016.10.25"]
[SourceQuality "1"]

1. e4 c5 2. Nf3 e6 3. d4 cxd4 4. Nxd4 Nf6 5. Nc3 Nc6 6. Ndb5 d6 7. Bf4 e5 8. Bg5 a6 9. Na3 b5 10. Bxf6 gxf6 11. Nd5 Bg7 12. Bd3 Ne7 13. Nxe7 Qxe7 14. c4 f5 15. O-O O-O 16. Qf3 Rb8 17. exf5 bxc4 18. Nxc4 d5 19. Qxd5 Bb7 20. Qa5 Qh4 21. Ne3 Bh6 22. Rfe1 f6 23. Rad1 Kh8 24. Bf1 Rg8 25. g3 Bf4 26. Ng2 Qh5 27. b3 Qxf5 28. Nxf4 Qxf4 29. Bg2 Bxg2 30. Kxg2 Qh6 31. Rd6 Rg5 32. Rxe5 1-0

[Event "Sherbrooke op"]
[Site "Sherbrooke CAN"]
[Date "2000.06.23"]
[Round "1"]
[White "Grenier, Jean-Pierre"]
[Black "Cote, Patrice"]
[Result "1-0"]
[WhiteElo "1347"]
[BlackElo "1147"]
[PlyCount "69"]
[GameId "2160767911703422"]
[EventDate "2000.06.23"]
[EventType "swiss"]
[EventRounds "5"]
[EventCountry "CAN"]

1. d4 d5 2. Nf3 Bf5 3. e3 e6 4. Bd3 Bxd3 5. Qxd3 Nf6 6. Qb5+ Nbd7 7. Qxb7 c5 8. O-O Be7 9. Ne5 Nxe5 10. dxe5 Nd7 11. f4 O-O 12. a4 a5 13. Qb3 c4 14. Qc3 Nc5 15. Qd4 Qc7 16. Nc3 Nd7 17. Nb5 Qc6 18. Rf3 Rfd8 19. Qd1 Bc5 20. Nd4 Qb6 21. c3 Qc7 22. Rg3 Qb7 23. Qh5 Bxd4 24. exd4 Qb3 25. f5 exf5 26. Rh3 Nf8 27. Qxf5 Ra6 28. Bg5 Rb8 29. Be7 Rg6 30. Rf1 Ne6 31. Qxf7+ Kh8 32. Qxg6 h6 33. Rxh6+ gxh6 34. Bf6+ Ng7 35. Qxg7# 1-0

[Event "Sherbrooke op"]
[Site "Sherbrooke CAN"]
[Date "2000.06.23"]
[Round "1"]
[White "Lemelin, Marc"]
[Black "Lafleur, Yvon"]
[Result "1-0"]
[WhiteElo "1620"]
[BlackElo "1430"]
[PlyCount "89"]
[GameId "2160767911703423"]
[EventDate "2000.06.23"]
[EventType "swiss"]
[EventRounds "5"]
[EventCountry "CAN"]

1. d4 e6 2. c4 Nf6 3. Nc3 d5 4. Nf3 Bb4 5. Qc2 Ne4 6. a3 Nxc3 7. bxc3 Be7 8. g3 a6 9. cxd5 exd5 10. Bg2 c6 11. O-O Nd7 12. c4 dxc4 13. Qxc4 O-O 14. Rb1 Nb6 15. Qb3 Nd5 16. e4 Nc7 17. Be3 Qd6 18. a4 Qa3 19. Qc2 Qd6 20. Rfc1 Bd8 21. Bf4 Qe7 22. d5 Qe8 23. Bd6 cxd5 24. e5 g6 25. Bxc7 Bf5 26. Qa2 Bxb1 27. Qxb1 Qxa4 28. Bd6 Re8 29. Qxb7 Ba5 30. Ng5 Rf8 31. Bxd5 Qb5 32. Bxf7+ Kh8 33. e6 Qxg5 34. f4 Qb5 35. Be5+ Qxe5 36. fxe5 Rab8 37. Qxa6 Bd2 38. Rc7 Be3+ 39. Kg2 Ra8 40. Qd3 Ra2+ 41. Kh3 Bg1 42. e7 Rxh2+ 43. Kg4 h5+ 44. Kg5 Ra8 45. Qd8+ 1-0

[Event "Sherbrooke op"]
[Site "Sherbrooke CAN"]
[Date "2000.06.23"]
[Round "1"]
[White "Lopez, Jose"]
[Black "Fecteau, Daniel"]
[Result "1-0"]
[WhiteElo "1497"]
[BlackElo "1408"]
[PlyCount "41"]
[GameId "2160767911703424"]
[EventDate "2000.06.23"]
[EventType "swiss"]
[EventRounds "5"]
[EventCountry "CAN"]

1. e4 d6 2. d4 Nf6 3. Nc3 g6 4. Nf3 Bg7 5. h3 Nbd7 6. Bd3 O-O 7. e5 dxe5 8. dxe5 Ne8 9. Bf4 c6 10. O-O Nc7 11. Qd2 Ne6 12. Bh6 Qc7 13. Bxg7 Nxg7 14. Qh6 f6 15. Rfe1 fxe5 16. Rxe5 Rxf3 17. Rxe7 Rf7 18. Bc4 Ne5 19. Rxc7 Nxc4 20. Rxf7 Kxf7 21. Qf4+ 1-0

[Event "Sherbrooke op"]
[Site "Sherbrooke CAN"]
[Date "2000.06.23"]
[Round "1"]
[White "Maltais, Christian"]
[Black "Goulet, Gaetan"]
[Result "0-1"]
[WhiteElo "1923"]
[BlackElo "1669"]
[PlyCount "63"]
[GameId "2160767911703426"]
[EventDate "2000.06.23"]
[EventType "swiss"]
[EventRounds "5"]
[EventCountry "CAN"]

1. e4 c5 2. f4 e6 3. Nc3 Nc6 4. d3 Be7 5. Nf3 d6 6. g3 Nf6 7. Bg2 a6 8. Be3 Bd7 9. h3 Qc7 10. g4 O-O-O 11. g5 Ng8 12. Qd2 h6 13. h4 hxg5 14. hxg5 Rxh1+ 15. Bxh1 Bf8 16. d4 cxd4 17. Nxd4 Nxd4 18. Bxd4 Ne7 19. Qf2 Re8 20. Bb6 Qc6 21. O-O-O Ng6 22. Bg2 Nxf4 23. Ba5 Nxg2 24. Qa7 b5 25. Rd3 Nf4 26. Rf3 Be7 27. Nd5 exd5 28. Bb6 Qb7 29. Rc3+ Bc6 30. Rxc6+ Qxc6 31. Qxa6+ Kd7 32. Qa7+ 0-1

[Event "Sherbrooke op"]
[Site "Sherbrooke CAN"]
[Date "2000.06.23"]
[Round "1"]
[White "Marineau, Remi"]
[Black "Arsenault, Michel"]
[Result "1-0"]
[WhiteElo "2021"]
[BlackElo "1935"]
[PlyCount "63"]
[GameId "2160767911703427"]
[EventDate "2000.06.23"]
[EventType "swiss"]
[EventRounds "5"]
[EventCountry "CAN"]

1. e4 c5 2. d4 cxd4 3. Nf3 e6 4. Nxd4 Nf6 5. Nc3 d6 6. g4 h6 7. h4 Nc6 8. Rg1 h5 9. gxh5 Nxh5 10. Bg5 Nf6 11. Bg2 Qb6 12. Ndb5 Ne5 13. Qd4 Qxd4 14. Nxd4 a6 15. O-O-O Bd7 16. f4 Nc4 17. e5 dxe5 18. fxe5 Nxe5 19. Bxb7 Ra7 20. Bg2 Be7 21. Rge1 Nfg4 22. Bf4 Bf6 23. Nf3 Nc4 24. Bb8 Rb7 25. Ne5 Rxb2 26. Nxd7 Bxc3 27. Bc6 Ke7 28. Ba7 f6 29. Nc5 Nge3 30. Rd7+ Kf8 31. Nxe6+ Ke8 32. Rc7# 1-0

[Event "Sherbrooke op"]
[Site "Sherbrooke CAN"]
[Date "2000.06.24"]
[Round "2"]
[White "Angers, Gilles"]
[Black "Gozzi, Carlo"]
[Result "1/2-1/2"]
[WhiteElo "2054"]
[BlackElo "1848"]
[PlyCount "48"]
[GameId "2160767911703428"]
[EventDate "2000.06.23"]
[EventType "swiss"]
[EventRounds "5"]
[EventCountry "CAN"]

1. e4 c5 2. Nc3 Nc6 3. g3 g6 4. Bg2 Bg7 5. f4 d6 6. d3 e6 7. Nf3 Nge7 8. O-O O-O 9. Be3 b6 10. e5 d5 11. Bf2 a6 12. Qd2 Bb7 13. Rae1 Qc7 14. g4 Rae8 15. Bg3 Qd7 16. Nd1 Rd8 17. c3 Na5 18. b4 cxb4 19. cxb4 Nac6 20. d4 b5 21. Ne3 f5 22. exf6 Bxf6 23. Ne5 Nxe5 24. fxe5 Bg7 1/2-1/2

[Event "Sherbrooke op"]
[Site "Sherbrooke CAN"]
[Date "2000.06.24"]
[Round "2"]
[White "Auger, Bertrand"]
[Black "Maltais, Christian"]
[Result "0-1"]
[WhiteElo "1998"]
[BlackElo "1914"]
[PlyCount "75"]
[GameId "2160767911703429"]
[EventDate "2000.06.23"]
[EventType "swiss"]
[EventRounds "5"]
[EventCountry "CAN"]

1. Nf3 c5 2. c4 g6 3. g3 Bg7 4. Bg2 Nf6 5. Nc3 d5 6. cxd5 Nxd5 7. O-O O-O 8. Qb3 Nb6 9. d3 Nc6 10. Qb5 c4 11. Be3 cxd3 12. Rfd1 Qc7 13. exd3 e5 14. Rac1 h6 15. a4 Be6 16. a5 Nd7 17. Nd5 Bxd5 18. Qxd5 Nf6 19. Qb3 Nxa5 20. Rxc7 Nxb3 21. Nxe5 a5 22. Rxb7 Rab8 23. Ra7 Rb5 24. Nc4 Nd5 25. d4 Rd8 26. Bf1 Rb4 27. Ne5 Nxe3 28. Nxf7 Rf8 29. Nxh6+ Bxh6 30. fxe3 Bxe3+ 31. Kg2 Bxd4 32. Ra6 Kg7 33. Bd3 Rf6 34. Rxf6 Bxf6 35. g4 Rxg4+ 36. Kf3 Rd4 37. Ke3 Rd7 38. Rg1 0-1

[Event "Sherbrooke op"]
[Site "Sherbrooke CAN"]
[Date "2000.06.24"]
[Round "2"]
[White "Corriveau, Philippe"]
[Black "Marineau, Remi"]
[Result "0-1"]
[WhiteElo "1753"]
[BlackElo "2021"]
[PlyCount "60"]
[GameId "2160767911703430"]
[EventDate "2000.06.23"]
[EventType "swiss"]
[EventRounds "5"]
[EventCountry "CAN"]

1. e4 c5 2. Nf3 e6 3. d4 cxd4 4. Nxd4 Nf6 5. Nc3 d6 6. Be2 a6 7. O-O b5 8. a3 Bb7 9. Qd3 Nbd7 10. Bg5 Be7 11. Nb3 Rc8 12. Rad1 Ne5 13. Qd4 Nc4 14. Bc1 Qc7 15. Bxc4 Qxc4 16. Rfe1 Qxd4 17. Rxd4 O-O 18. a4 e5 19. Rd2 bxa4 20. Na5 Ba8 21. Nxa4 Nxe4 22. Rde2 Bd8 23. b4 f5 24. f3 Ng5 25. Rd1 Nxf3+ 26. gxf3 Bxf3 27. Rdd2 Bxe2 28. Rxe2 f4 29. Nb7 f3 30. Rd2 Bg5 0-1

[Event "Sherbrooke op"]
[Site "Sherbrooke CAN"]
[Date "2000.06.24"]
[Round "2"]
[White "Duclos, Alain"]
[Black "Lemelin, Marc"]
[Result "1-0"]
[WhiteElo "1494"]
[BlackElo "1620"]
[PlyCount "55"]
[GameId "2160767911703431"]
[EventDate "2000.06.23"]
[EventType "swiss"]
[EventRounds "5"]
[EventCountry "CAN"]

1. e4 c5 2. Nf3 d6 3. d4 cxd4 4. Nxd4 Nf6 5. Nc3 a6 6. Be2 e5 7. Nb3 Be7 8. O-O O-O 9. Be3 Be6 10. Nd5 Bxd5 11. exd5 Nbd7 12. Qd2 Ne8 13. Na5 f5 14. f4 exf4 15. Bxf4 Nc5 16. b4 Ne4 17. Qd3 Qb6+ 18. Be3 Qxb4 19. Nc4 b5 20. Nb6 Rd8 21. Rfb1 Qc3 22. Bd4 Qxd3 23. Bxd3 Nc5 24. Be2 Bf6 25. Bxf6 Nxf6 26. a4 bxa4 27. Nxa4 Nxd5 28. Bc4 1-0

[Event "Sherbrooke op"]
[Site "Sherbrooke CAN"]
[Date "2000.06.24"]
[Round "2"]
[White "Kovacina, Marko"]
[Black "Larochelle, Martial"]
[Result "0-1"]
[WhiteElo "1844"]
[BlackElo "2197"]
[PlyCount "108"]
[GameId "2160767911703432"]
[EventDate "2000.06.23"]
[EventType "swiss"]
[EventRounds "5"]
[EventCountry "CAN"]

1. d4 d5 2. c4 Nc6 3. e3 e5 4. cxd5 Qxd5 5. Nc3 Bb4 6. Bd2 Bxc3 7. bxc3 Qd6 8. Bd3 Nge7 9. Qc2 f5 10. Bc4 Bd7 11. Ne2 Na5 12. Bb3 Nxb3 13. axb3 O-O 14. O-O Nc6 15. Bc1 Rf7 16. Ba3 Qh6 17. d5 Ne7 18. Rad1 Nc8 19. c4 Nd6 20. Qc3 Re8 21. f3 b6 22. Rd2 Rf6 23. Rc1 Bc8 24. Rcc2 Rg6 25. Nc1 Qh4 26. Rf2 f4 27. e4 Rh6 28. Nd3 Qxh2+ 29. Kf1 Qg3 30. Ne1 Nxe4 31. fxe4 Bg4 32. Nf3 Rh1+ 33. Ke2 Rg1 34. Rc1 Rxg2 35. Rcf1 g5 36. Rxg2 Qxg2+ 37. Rf2 Qg3 38. c5 Bd7 39. c6 Bc8 40. Qc4 b5 41. Qxb5 g4 42. Bc5 gxf3+ 43. Kd2 Qg1 44. Rf1 Qg2+ 45. Bf2 Kf7 46. Qc4 Bh3 47. Ke1 Qxf1+ 48. Qxf1 Bxf1 49. Kxf1 a6 50. Bc5 h5 51. Kf2 h4 52. Kxf3 Rg8 53. d6 cxd6 54. Bxd6 Ke6 0-1

[Event "Sherbrooke op"]
[Site "Sherbrooke CAN"]
[Date "2000.06.24"]
[Round "2"]
[White "Marchand, Steve"]
[Black "Grenier, Jean-Pierre"]
[Result "1-0"]
[WhiteElo "1254"]
[BlackElo "1347"]
[PlyCount "103"]
[GameId "2160767911703433"]
[EventDate "2000.06.23"]
[EventType "swiss"]
[EventRounds "5"]
[EventCountry "CAN"]

1. c4 e5 2. Nc3 Nf6 3. Nf3 d6 4. g3 Be7 5. Bg2 Nc6 6. O-O O-O 7. d4 exd4 8. Nxd4 Ne5 9. Qb3 c5 10. Nf3 Ned7 11. Rd1 Nb6 12. Bf4 Be6 13. Nd2 Qc8 14. Rac1 Rd8 15. Nce4 Nh5 16. Bg5 Qc7 17. Qe3 d5 18. Bxe7 Qxe7 19. cxd5 Bxd5 20. Qxc5 Qxc5 21. Nxc5 Bxg2 22. Kxg2 Rac8 23. Nde4 Rxd1 24. Rxd1 f5 25. Ng5 h6 26. Nge6 Kf7 27. Nd8+ Ke7 28. Ndxb7 Rc7 29. b4 Na4 30. Nxa4 Rxb7 31. a3 a5 32. bxa5 Rb5 33. Nb6 Rxa5 34. a4 Nf6 35. e3 Ne4 36. Rd5 Rxd5 37. Nxd5+ Kd6 38. Nf4 g5 39. Nh5 Kc5 40. f4 g4 41. h3 Kb4 42. hxg4 fxg4 43. f5 Ng5 44. Nf6 h5 45. e4 Nf7 46. Nd7 Kxa4 47. e5 Kb5 48. e6 Nd6 49. f6 Kc6 50. f7 Nxf7 51. exf7 Kxd7 52. f8=Q 1-0

[Event "Sherbrooke op"]
[Site "Sherbrooke CAN"]
[Date "2000.06.24"]
[Round "2"]
[White "Michaud, Pierre"]
[Black "Parra, Victor"]
[Result "1-0"]
[WhiteElo "1308"]
[BlackElo "1370"]
[PlyCount "49"]
[GameId "2160767911703434"]
[EventDate "2000.06.23"]
[EventType "swiss"]
[EventRounds "5"]
[EventCountry "CAN"]

1. e4 e5 2. Nf3 Nc6 3. d4 exd4 4. Bc4 h6 5. O-O Bc5 6. c3 dxc3 7. Nxc3 a6 8. Bxf7+ Kxf7 9. Qd5+ Ke8 10. Qxc5 d6 11. Qh5+ Kf8 12. Nd5 Nf6 13. Nxf6 Qxf6 14. Bg5 Qxb2 15. Be3 Rg8 16. Nh4 Ne5 17. f4 Bg4 18. fxe5+ Ke7 19. exd6+ Kxd6 20. Qxg4 Raf8 21. Rad1+ Kc6 22. Qe6+ Kb5 23. Qd5+ Kb4 24. Rd4+ Ka3 25. Qa5# 1-0

[Event "Sherbrooke op"]
[Site "Sherbrooke CAN"]
[Date "2000.06.24"]
[Round "2"]
[White "Sauve, Richard"]
[Black "Masse, Hugues"]
[Result "1/2-1/2"]
[WhiteElo "1918"]
[BlackElo "1946"]
[PlyCount "112"]
[GameId "2160767911703435"]
[EventDate "2000.06.23"]
[EventType "swiss"]
[EventRounds "5"]
[EventCountry "CAN"]

1. d4 f5 2. c4 Nf6 3. g3 g6 4. Bg2 Bg7 5. Nf3 O-O 6. O-O d6 7. Nc3 Qe8 8. b3 c6 9. Ba3 Na6 10. Qc2 h6 11. Rad1 g5 12. e4 fxe4 13. Nxe4 Qh5 14. Nxf6+ Bxf6 15. Qe4 Nc7 16. Rd2 Bg4 17. Bb2 Bg7 18. Ne1 Rf7 19. d5 c5 20. Bxg7 Kxg7 21. f4 gxf4 22. Rxf4 Rxf4 23. Qxf4 Rf8 24. Qe3 Qg5 25. Qxg5+ hxg5 26. Nd3 b5 27. Nf2 Bf5 28. Bh3 Bg6 29. Re2 Kf7 30. Bg4 bxc4 31. bxc4 Rb8 32. Nh3 Bd3 33. Nxg5+ Kf6 34. Ne4+ Kg7 35. Re1 Bxc4 36. Nxd6 exd6 37. Re7+ Kf6 38. Rxc7 a6 39. h4 Rg8 40. Be6 Rxg3+ 41. Kf2 Ra3 42. Rf7+ Ke5 43. Rf5+ Ke4 44. h5 Bxa2 45. h6 Rh3 46. Rf6 Rh1 47. Kg2 Rh5 48. Bf7 Rh4 49. Rxd6 Ke5 50. Re6+ Kf5 51. Rxa6 Bxd5+ 52. Bxd5 Kg5 53. Ra5 Rxh6 54. Rxc5 Kf6 55. Rc6+ Kg5 56. Rxh6 Kxh6 1/2-1/2

[Event "Sherbrooke op"]
[Site "Sherbrooke CAN"]
[Date "2000.06.24"]
[Round "3"]
[White "Grenier, Jean-Pierre"]
[Black "Olivier, Luc"]
[Result "1-0"]
[WhiteElo "1347"]
[BlackElo "1249"]
[PlyCount "83"]
[GameId "2160767911703436"]
[EventDate "2000.06.23"]
[EventType "swiss"]
[EventRounds "5"]
[EventCountry "CAN"]

1. d4 Nf6 2. Nf3 e6 3. e3 d5 4. Bd3 Nbd7 5. Nbd2 c5 6. c4 b6 7. cxd5 exd5 8. Bb5 a6 9. Bc6 Rb8 10. Ne5 Be7 11. Qf3 O-O 12. e4 dxe4 13. Nxe4 cxd4 14. Bf4 Nxe5 15. Bxe5 Nxe4 16. Bxb8 Bd7 17. Bxe4 Qxb8 18. O-O Bf6 19. Qh5 h6 20. Rfe1 Be6 21. Bd5 Bxd5 22. Qxd5 Rd8 23. Qb3 d3 24. Rad1 d2 25. Re3 Qd6 26. Rf3 Qe5 27. Re3 Qd6 28. g3 Qc5 29. Re2 Qc1 30. Rexd2 Qc7 31. Rxd8+ Bxd8 32. Qd5 Bf6 33. b3 a5 34. Qd6 Qb7 35. Re1 Kh7 36. Qd3+ g6 37. h4 h5 38. Qd6 Kg7 39. Rc1 Qa6 40. Rc6 Bxh4 41. gxh4 Qe2 42. Qf6+ 1-0

[Event "Sherbrooke op"]
[Site "Sherbrooke CAN"]
[Date "2000.06.24"]
[Round "3"]
[White "Larochelle, Martial"]
[Black "Marineau, Remi"]
[Result "0-1"]
[WhiteElo "2197"]
[BlackElo "2021"]
[PlyCount "72"]
[GameId "2160767911703437"]
[EventDate "2000.06.23"]
[EventType "swiss"]
[EventRounds "5"]
[EventCountry "CAN"]

1. c4 e6 2. g3 f5 3. Bg2 Nf6 4. Nc3 Be7 5. d3 O-O 6. e4 Nc6 7. Nge2 fxe4 8. dxe4 Bc5 9. Nf4 Ne5 10. Qe2 Nfg4 11. Be3 Nxe3 12. fxe3 b6 13. O-O Ba6 14. b3 Qg5 15. Rad1 Ng4 16. Rd3 Ne5 17. Rd2 Rf6 18. Na4 Bb4 19. Rdd1 b5 20. cxb5 Bxb5 21. Qxb5 Nf3+ 22. Bxf3 Qxb5 23. e5 Qxe5 24. Bxa8 Qxe3+ 25. Kh1 d5 26. Bc6 g5 27. Nh5 Rxf1+ 28. Rxf1 Qe2 29. Nf6+ Kh8 30. Kg1 Bd2 31. Ng4 Qxg4 32. Bb5 Be3+ 33. Kg2 Qb4 34. Be8 g4 35. h4 Qd2+ 36. Kh1 Qe2 0-1

[Event "Sherbrooke op"]
[Site "Sherbrooke CAN"]
[Date "2000.06.24"]
[Round "3"]
[White "Maltais, Christian"]
[Black "Arsenault, Michel"]
[Result "1-0"]
[WhiteElo "1914"]
[BlackElo "1903"]
[PlyCount "121"]
[GameId "2160767911703438"]
[EventDate "2000.06.23"]
[EventType "swiss"]
[EventRounds "5"]
[EventCountry "CAN"]

1. f4 c5 2. Nf3 g6 3. e4 Nc6 4. Nc3 Bg7 5. d3 d6 6. g3 e6 7. Bg2 Nge7 8. O-O O-O 9. Be3 Rb8 10. e5 dxe5 11. Nxe5 Nxe5 12. fxe5 Bxe5 13. Bxc5 Bd4+ 14. Bxd4 Qxd4+ 15. Kh1 Nf5 16. Qe2 b5 17. a3 a5 18. Rae1 b4 19. axb4 axb4 20. Nd1 Rd8 21. Rf4 Qd6 22. b3 Bb7 23. Bxb7 Rxb7 24. Rc4 Qd5+ 25. Qg2 Qxg2+ 26. Kxg2 Ra8 27. Ne3 Nxe3+ 28. Rxe3 Ra2 29. Ree4 Kg7 30. Rc6 h5 31. Rec4 Kf6 32. Kf3 Ra1 33. Rc7 Rxc7 34. Rxc7 Rh1 35. h4 Rf1+ 36. Ke3 Rg1 37. Kf2 Rd1 38. Rc4 Rd2+ 39. Ke3 Rg2 40. Kf3 Rh2 41. d4 Rd2 42. Rxb4 Rxc2 43. Rc4 Rb2 44. Rc3 Rb1 45. Ke4 Rg1 46. Rf3+ Ke7 47. Kd3 Rc1 48. Kd2 Rc7 49. Rc3 Rb7 50. Kc2 Kd6 51. Rc5 Rb8 52. Kc3 Rb7 53. b4 Rb8 54. b5 Ra8 55. Kb4 Ra1 56. b6 f6 57. Kb5 Rd1 58. b7 Rb1+ 59. Ka6 e5 60. Rb5 Ra1+ 61. Kb6 1-0